Managing the defence estate (Record no. 106842)
[ view plain ]
| 000 -LEADER | |
|---|---|
| fixed length control field | 01238cad a22002535a 4500 |
| 001 - CONTROL NUMBER | |
| control field | L137598 |
| 008 - FIXED-LENGTH DATA ELEMENTS--GENERAL INFORMATION | |
| fixed length control field | 070417e20070323xxkbdo f f000 0 eng d |
| 020 ## - INTERNATIONAL STANDARD BOOK NUMBER | |
| International Standard Book Number | 9780102944679 |
| 035 ## - SYSTEM CONTROL NUMBER | |
| System control number | (Sirsi) u137598 |
| 041 0# - LANGUAGE CODE | |
| Language code of text/sound track or separate title | eng |
| 050 04 - LIBRARY OF CONGRESS CALL NUMBER | |
| Classification number | 350.713 $2 18 |
| 110 1# - MAIN ENTRY--CORPORATE NAME | |
| Corporate name or jurisdiction name as entry element | United Kingdom |
| Subordinate unit | National Audit Office |
| 9 (RLIN) | 1350 |
| 245 00 - TITLE STATEMENT | |
| Title | Managing the defence estate |
| Remainder of title | quality and sustainability |
| Medium | [electronic resource |
| 260 ## - PUBLICATION, DISTRIBUTION, ETC. | |
| Place of publication, distribution, etc. | London |
| Name of publisher, distributor, etc. | TSO |
| Date of publication, distribution, etc. | 2007 |
| 490 #0 - SERIES STATEMENT | |
| Series statement | House of Commons Paper |
| Volume/sequential designation | HC 154 2006-2007 |
| 520 ## - SUMMARY, ETC. | |
| Summary, etc. | The Ministry of Defence is the second largest landowner in the United Kingdom with an estate of over 240 000 hectares, which includes a built estate of 80 000 hectares. Follows an earlier report which looked at deterioration in the quality of the estate and reports on efforts made to achieve an estate of the right quality. Makes a number of recommendations to assist in achieving this objective. |
| 590 ## - LOCAL NOTE (RLIN) | |
| Local note | KA |
| 650 24 - SUBJECT ADDED ENTRY--TOPICAL TERM | |
| Topical term or geographic name entry element | ESTATE MANAGEMENT |
| 651 #4 - SUBJECT ADDED ENTRY--GEOGRAPHIC NAME | |
| Geographic name | United Kingdom |
| Chronological subdivision | |
| 690 ## - LOCAL SUBJECT ADDED ENTRY--TOPICAL TERM (OCLC, RLIN) | |
| Topical term or geographic name as entry element | PROPERTY-OTHER PROPERTY TYPES-MILITARY PROPERTY |
| 710 1# - ADDED ENTRY--CORPORATE NAME | |
| Corporate name or jurisdiction name as entry element | United Kingdom |
| Subordinate unit | Ministry of Defence |
| 9 (RLIN) | 5166 |
| 856 40 - ELECTRONIC LOCATION AND ACCESS | |
| Uniform Resource Identifier | <a href="https://www.nao.org.uk/pn/06-07/0607154.htm">https://www.nao.org.uk/pn/06-07/0607154.htm</a> |
| Public note | View the item free of charge at www.nao.org.uk... |
| 942 ## - ADDED ENTRY ELEMENTS (KOHA) | |
| Suppress in OPAC | 0 |
| Withdrawn status | Lost status | Source of classification or shelving scheme | Damaged status | Not for loan | Home library | Current library | Shelving location | Date acquired | Total Checkouts | Full call number | Barcode | Date last seen | Copy number | Price effective from | Koha item type |
|---|---|---|---|---|---|---|---|---|---|---|---|---|---|---|---|
| Dewey Decimal Classification | Virtual | Virtual | Online | 17/04/2007 | L137598 | 137598-1001 | 06/08/2019 | 1 | 06/08/2019 | Book |